[Event "3rd Africa-ch"]
[Site "Cairo EGY"]
[Date "2001.09.20"]
[Round "5"]
[White "Henni, Mohamed"]
[Black "Aranov, Yuri"]
[Result "1/2-1/2"]
[WhiteElo "2314"]
[BlackElo "2180"]
[EventDate "2001.09.16"]
[PlyCount "87"]

1.e4 c5 2.Nc3 Nc6 3.g3 g6 4.Bg2 Bg7 5.Nge2 d6 6.Nd5 e6 7.Ne3 Nge7 8.O-O 
O-O 9.d3 Rb8 10.f4 f5 11.c3 b5 12.h3 b4 13.c4 Nd4 14.Nxd4 Bxd4 15.Kh2 Bb7 
16.Qe2 Qd7 17.Rb1 Bg7 18.b3 Nc6 19.Nc2 Rbe8 20.Be3 Nd4 21.Bxd4 Bxd4 22.
Nxd4 cxd4 23.e5 Bxg2 24.Kxg2 d5 25.Rbc1 Rc8 26.Qb2 dxc4 27.bxc4 a5 28.Kf2 
Rfd8 29.Ke2 Rc5 30.Rb1 Rb8 31.h4 h6 32.Qc1 h5 33.Qd2 Rc7 34.Rb2 Rcb7 35.
Qc2 Qc6 36.c5 Rb5 37.Rc1 Rc8 38.Qb3 Kf7 39.Rbc2 Rd8 40.Qa4 Rd5 41.Rc4 Ke7 
42.Qc2 Kd7 43.Qb2 Kc7 44.Qc2 1/2-1/2

[Event "3rd Africa-ch"]
[Site "Cairo EGY"]
[Date "2001.09.20"]
[Round "5"]
[White "Lungu, Malupande"]
[Black "Kaabi, Mejdi"]
[Result "1/2-1/2"]
[WhiteElo "2338"]
[BlackElo "2365"]
[EventDate "2001.09.16"]
[PlyCount "61"]

1.e4 g6 2.d4 Bg7 3.c3 c6 4.f4 d5 5.e5 h5 6.Nf3 Nh6 7.Bd3 Nf5 8.O-O e6 9.
Ng5 Bh6 10.Na3 Bxg5 11.fxg5 Nd7 12.Qf3 a6 13.Nc2 c5 14.Kh1 c4 15.Bxf5 gxf5
16.h4 Nf8 17.b3 Qc7 18.Ba3 cxb3 19.axb3 Ng6 20.g3 Bd7 21.Bd6 Qb6 22.Ra3 
Bb5 23.Rf2 Rc8 24.Kh2 Qc6 25.b4 Qc4 26.Ne1 Rc6 27.Ng2 Qd3 28.Nf4 Qxf3 29.
Rxf3 Nxf4 30.gxf4 Rg8 31.Rg3 1/2-1/2

[Event "3rd Africa-ch"]
[Site "Cairo EGY"]
[Date "2001.09.20"]
[Round "5"]
[White "Tissir, Mohamed"]
[Black "Bouaziz, Slim"]
[Result "1/2-1/2"]
[WhiteElo "2383"]
[BlackElo "2379"]
[EventDate "2001.09.16"]
[PlyCount "31"]

1.d4 d5 2.Nf3 e6 3.g3 Nf6 4.Bg2 Bd6 5.c4 c6 6.O-O O-O 7.Qc2 Nbd7 8.Nbd2 
Re8 9.Rd1 Qe7 10.e4 Nxe4 11.Nxe4 dxe4 12.Qxe4 e5 13.dxe5 Nxe5 14.Nxe5 Bxe5
15.Bf4 Bg4 16.Re1 1/2-1/2

[Event "3rd Africa-ch"]
[Site "Cairo EGY"]
[Date "2001.09.21"]
[Round "6"]
[White "Aranov, Yuri"]
[Black "Lungu, Malupande"]
[Result "1-0"]
[WhiteElo "2180"]
[BlackElo "2338"]
[EventDate "2001.09.16"]
[PlyCount "97"]

1.d4 d5 2.Nf3 Nf6 3.c4 c6 4.Nc3 dxc4 5.a4 Bf5 6.e3 e6 7.Bxc4 Bb4 8.O-O O-O
9.Nh4 Bg6 10.Nxg6 hxg6 11.Qb3 a5 12.Na2 Bd6 13.Qxb7 Nbd7 14.g3 Rc8 15.Qb3 
e5 16.Nc3 e4 17.Bd2 Qe7 18.f3 Bb4 19.Nxe4 Nxe4 20.Bxb4 axb4 21.fxe4 Qxe4 
22.Rxf7 Kh8 23.Qd3 Qg4 24.Raf1 Rxf7 25.Bxf7 g5 26.Qf5 Qxf5 27.Rxf5 Rf8 28.
Be6 Nf6 29.Rxg5 Re8 30.Re5 Ra8 31.b3 Ra7 32.g4 g6 33.h3 Kg7 34.Rc5 Re7 35.
Rxc6 Ne4 36.d5 Re8 37.Rb6 Ng5 38.Rxb4 Nxe6 39.dxe6 Rxe6 40.Kf2 Kf6 41.h4 
Ke5 42.h5 gxh5 43.gxh5 Kf5 44.Kf3 Kg5 45.Rb5+ Kh6 46.a5 Rf6+ 47.Ke4 Re6+ 
48.Kd4 Rd6+ 49.Rd5 1-0

[Event "3rd Africa-ch"]
[Site "Cairo EGY"]
[Date "2001.09.21"]
[Round "6"]
[White "Bouaziz, Slim"]
[Black "Ben Nasser, Khaled"]
[Result "1/2-1/2"]
[WhiteElo "2379"]
[BlackElo "2234"]
[EventDate "2001.09.16"]
[PlyCount "69"]

1.e4 e5 2.Nf3 Nc6 3.Bb5 a6 4.Ba4 Nf6 5.Qe2 b5 6.Bb3 Bc5 7.d3 Bb7 8.c3 d6 
9.Nbd2 O-O 10.Bc2 d5 11.Nb3 Bb6 12.Bg5 Qe7 13.Nh4 Qe6 14.h3 Rad8 15.a4 b4 
16.a5 Ba7 17.Nd2 h6 18.Be3 Bxe3 19.Qxe3 dxe4 20.dxe4 bxc3 21.bxc3 Ne7 22.
O-O Nh5 23.Rfb1 Bc8 24.Nf5 Nf4 25.Kh2 Qf6 26.g3 Nfg6 27.Nxe7+ Nxe7 28.Bb3 
Ng6 29.Nf3 Qe7 30.h4 Qf6 31.Bc4 Kh7 32.Kg2 Rfe8 33.Rb2 Rd6 34.Be2 Red8 35.
Nh2 1/2-1/2

[Event "3rd Africa-ch"]
[Site "Cairo EGY"]
[Date "2001.09.21"]
[Round "6"]
[White "El-Taher, Fouad"]
[Black "Belkhodja, Slim"]
[Result "1/2-1/2"]
[WhiteElo "2477"]
[BlackElo "2531"]
[EventDate "2001.09.16"]
[PlyCount "20"]

1.e4 c5 2.Nf3 e6 3.d4 cxd4 4.Nxd4 Nf6 5.Nc3 Nc6 6.Ndb5 Bb4 7.a3 Bxc3+ 8.
Nxc3 d5 9.exd5 exd5 10.Bd3 O-O 1/2-1/2

[Event "3rd Africa-ch"]
[Site "Cairo EGY"]
[Date "2001.09.21"]
[Round "6"]
[White "Labib, Ibrahim Hasan"]
[Black "Kobese, Watu"]
[Result "0-1"]
[WhiteElo "2409"]
[BlackElo "2373"]
[EventDate "2001.09.16"]
[PlyCount "104"]

1.e4 c5 2.Nf3 e6 3.d4 cxd4 4.Nxd4 a6 5.Bd3 Nf6 6.O-O Qc7 7.Qe2 d6 8.c4 g6 
9.Nc3 Bg7 10.Rd1 O-O 11.Nf3 Nc6 12.Bf4 e5 13.Be3 Bg4 14.h3 Nd4 15.Bxd4 
exd4 16.Nd5 Nxd5 17.hxg4 Nf4 18.Qd2 Ne6 19.g3 a5 20.Kg2 Rfe8 21.Rh1 Nc5 
22.Rh4 a4 23.g5 Qa5 24.Qc2 a3 25.b3 Qc3 26.Qxc3 dxc3 27.Bc2 Na6 28.Rc1 Nb4
29.Bb1 c2 30.Rxc2 Nxc2 31.Bxc2 Rac8 32.Bd3 Rc5 33.Rh1 Rec8 34.Rd1 Kf8 35.
b4 R5c7 36.Ne1 Bb2 37.b5 Rc5 38.f4 Ke7 39.Kf3 h6 40.gxh6 Rh5 41.Nc2 Rxh6 
42.Ne3 Rch8 43.Bf1 Rh1 44.Nd5+ Kf8 45.Ne3 Ke7 46.Nd5+ Ke6 47.Ne3 R8h2 48.
Ng2 Bd4 49.Ke2 Bc5 50.Kf3 Rg1 51.Ne3 Bxe3 52.Kxe3 Ke7 0-1

[Event "3rd Africa-ch"]
[Site "Cairo EGY"]
[Date "2001.09.21"]
[Round "6"]
[White "Lungu, Nase"]
[Black "Tissir, Mohamed"]
[Result "0-1"]
[WhiteElo "2250"]
[BlackElo "2383"]
[EventDate "2001.09.16"]
[PlyCount "120"]

1.Nf3 Nf6 2.c4 c6 3.d4 d5 4.Nc3 a6 5.e3 b5 6.cxd5 cxd5 7.Ne5 e6 8.Bd3 Bd6 
9.O-O O-O 10.a3 Bb7 11.Bd2 Nbd7 12.f4 g6 13.Na2 Ne4 14.Bb4 Bxb4 15.Nxb4 
Nb6 16.Qe2 Qd6 17.Rfc1 f6 18.Ng4 Nc4 19.Rc2 Rae8 20.Na2 Re7 21.Nc3 Na5 22.
Qe1 Nxc3 23.Rxc3 Nc4 24.Rc2 f5 25.Ne5 Nxe5 26.fxe5 Qd8 27.Qh4 Qe8 28.b4 
Qf7 29.Qh6 Rc7 30.Rac1 Rc4 31.Bxc4 dxc4 32.Rf2 Qd7 33.h4 Rf7 34.Qf4 Qd5 
35.e4 Qxd4 36.exf5 Qxf4 37.Rxf4 gxf5 38.Rd4 Bd5 39.g3 Rc7 40.Rc3 Kf8 41.
Kf2 Rg7 42.Rc1 Ke8 43.Rc3 h5 44.Ke2 Ra7 45.Rd2 a5 46.bxa5 Rxa5 47.Ke3 Kd7 
48.Kf4 Kc6 49.Kg5 Ra8 50.Kxh5 Rg8 51.Rd4 Kc5 52.Rf4 Be4 53.Rxe4 fxe4 54.g4
Kd4 55.Rc1 e3 56.g5 e2 57.g6 Ke3 58.Kg5 Kd2 59.Rh1 e1=Q 60.Rxe1 Kxe1 0-1

[Event "3rd Africa-ch"]
[Site "Cairo EGY"]
[Date "2001.09.21"]
[Round "6"]
[White "Rizouk, Aimen"]
[Black "Henni, Mohamed"]
[Result "1-0"]
[WhiteElo "2442"]
[BlackElo "2314"]
[EventDate "2001.09.16"]
[PlyCount "71"]

1.e4 c5 2.Nf3 d6 3.d4 cxd4 4.Nxd4 Nf6 5.Nc3 a6 6.Be3 Nc6 7.f3 e6 8.g4 Be7 
9.h4 Qc7 10.Qd2 b6 11.g5 Nd7 12.Nxc6 Qxc6 13.Qd4 Qc5 14.Qd2 Qc7 15.Bd4 O-O
16.O-O-O b5 17.a3 Bb7 18.h5 Ne5 19.Rh3 Rfd8 20.g6 fxg6 21.hxg6 Nxg6 22.Kb1
e5 23.Be3 Bf6 24.Qh2 Nf8 25.Qf2 Qf7 26.Rh1 d5 27.exd5 Bxd5 28.Nxd5 Rxd5 
29.Bd3 Re8 30.Rdg1 g6 31.Qe2 Ne6 32.Rxh7 Nf4 33.Rxf7 Nxe2 34.Rxf6 Nxg1 35.
Rxg6+ Kf7 36.Rxg1 1-0

[Event "3rd Africa-ch"]
[Site "Cairo EGY"]
[Date "2001.09.22"]
[Round "7"]
[White "Belkhodja, Slim"]
[Black "Kobese, Watu"]
[Result "1/2-1/2"]
[WhiteElo "2531"]
[BlackElo "2373"]
[EventDate "2001.09.16"]
[PlyCount "77"]

1.e4 e5 2.Nf3 Nc6 3.Nc3 Nf6 4.Bc4 Be7 5.d4 exd4 6.Nxd4 O-O 7.O-O d6 8.Nxc6
bxc6 9.Bf4 Be6 10.Qe2 Nd7 11.Bg3 Rb8 12.Bxe6 fxe6 13.b3 Bf6 14.Qd2 c5 15.
Rae1 Rb4 16.f4 Bh4 17.a3 Bxg3 18.hxg3 Rb8 19.Rf3 Qe7 20.Nd1 g6 21.Nf2 Qg7 
22.g4 g5 23.f5 Ne5 24.Rh3 Rf6 25.Ree3 c4 26.Rc3 h6 27.Rhg3 Qd7 28.bxc4 
Rb1+ 29.Kh2 Qc6 30.Qd4 Re1 31.c5 exf5 32.exf5 Re2 33.cxd6 Qxd6 34.Qxd6 
Rxd6 35.Nd3 Nc6 36.Rf3 Re4 37.Nf2 Re2 38.Rfd3 Nd4 39.Nd1 1/2-1/2

[Event "3rd Africa-ch"]
[Site "Cairo EGY"]
[Date "2001.09.22"]
[Round "7"]
[White "Domingos, Catarino"]
[Black "Rizouk, Aimen"]
[Result "0-1"]
[WhiteElo "2200"]
[BlackElo "2442"]
[EventDate "2001.09.16"]
[PlyCount "154"]

1.e4 e5 2.Nf3 Nc6 3.d4 exd4 4.Nxd4 Nf6 5.Nc3 Bb4 6.Nxc6 bxc6 7.Bd3 d5 8.
exd5 cxd5 9.O-O O-O 10.Bg5 c6 11.Qf3 Be7 12.Bf5 h6 13.Bh4 Bxf5 14.Qxf5 Rb8
15.b3 Rb4 16.Bg3 g6 17.Qd3 Nd7 18.Rad1 h5 19.f4 Bc5+ 20.Kh1 Re8 21.Rf3 Rd4
22.Qf1 Rxd1 23.Qxd1 Qf6 24.Na4 Bd6 25.h4 Qf5 26.Qd3 Qxd3 27.Rxd3 Re2 28.c4
Rxa2 29.cxd5 Ra1+ 30.Kh2 Nf6 31.Bf2 Nxd5 32.g3 Ra2 33.Kg1 a6 34.Nc3 Ra5 
35.Bb6 Bc5+ 36.Bxc5 Rxc5 37.Nxd5 Rxd5 38.Re3 Kf8 39.Kf2 c5 40.Ke2 Rd4 41.
Rc3 Rb4 42.Kd3 Ke7 43.Kc2 Kd6 44.Re3 a5 45.Re8 a4 46.bxa4 Rxa4 47.Kb3 Ra7 
48.Kc4 Ra3 49.Rd8+ Ke7 50.Rb8 Rxg3 51.Kxc5 Rg4 52.Rb4 Rxh4 53.Kd5 Kf6 54.
Ke4 Rh1 55.Rb6+ Kg7 56.Kf3 Rc1 57.Kg3 Rc3+ 58.Kg2 Rd3 59.Ra6 Re3 60.Kf2 
Re6 61.Ra5 Kf6 62.Kf3 Rd6 63.Ra3 Rb6 64.Rc3 Rb5 65.Rd3 Kf5 66.Ra3 f6 67.
Rc3 h4 68.Ra3 g5 69.fxg5 fxg5 70.Ra8 g4+ 71.Kf2 g3+ 72.Kf3 Rb3+ 73.Kg2 
Rb2+ 74.Kf3 Rf2+ 75.Ke3 Kg4 76.Rg8+ Kh3 77.Rxg3+ Kxg3 0-1

[Event "3rd Africa-ch"]
[Site "Cairo EGY"]
[Date "2001.09.22"]
[Round "7"]
[White "Henni, Mohamed"]
[Black "Nadir, Samir"]
[Result "1-0"]
[WhiteElo "2314"]
[BlackElo "2190"]
[EventDate "2001.09.16"]
[PlyCount "85"]

1.e4 c6 2.Nc3 e5 3.Nf3 d6 4.d4 Nd7 5.Bc4 Be7 6.dxe5 dxe5 7.Ng5 Bxg5 8.Qh5 
g6 9.Qxg5 Qxg5 10.Bxg5 Nc5 11.O-O-O Be6 12.Be2 h6 13.Be3 Nd7 14.Na4 Ngf6 
15.f3 O-O-O 16.Bxa7 Kc7 17.Be3 b6 18.b3 Ra8 19.Kb2 g5 20.g4 h5 21.h3 Rag8 
22.Rdg1 Ne8 23.gxh5 f6 24.h4 Rxh5 25.hxg5 Rxh1 26.Rxh1 b5 27.Nc3 fxg5 28.
Rg1 g4 29.fxg4 b4 30.Nd1 Nef6 31.Nf2 Nf8 32.Bc5 N8d7 33.Bxb4 Nh5 34.Nd3 
Nhf6 35.Bc3 Kd6 36.Rd1 Ke7 37.Nxe5 Nxe5 38.Bxe5 Nxe4 39.Bf3 Nf2 40.Re1 
Nxg4 41.Bxc6 Nxe5 42.Rxe5 Kd6 43.Re1 1-0

[Event "3rd Africa-ch"]
[Site "Cairo EGY"]
[Date "2001.09.22"]
[Round "7"]
[White "Kaabi, Mejdi"]
[Black "Labib, Ibrahim Hasan"]
[Result "1-0"]
[WhiteElo "2365"]
[BlackElo "2409"]
[EventDate "2001.09.16"]
[PlyCount "55"]

1.d4 e6 2.c4 c5 3.d5 exd5 4.cxd5 d6 5.Nc3 Be7 6.g3 Bf6 7.Bg2 Ne7 8.Ne4 Ng6
9.Qa4+ Kf8 10.Nf3 Be7 11.h4 Nd7 12.h5 Nge5 13.h6 g6 14.Nxe5 Nxe5 15.Bf4 f6
16.Bxe5 fxe5 17.O-O Bd7 18.Qb3 Ke8 19.f4 exf4 20.Rxf4 Rf8 21.Rxf8+ Bxf8 
22.Rf1 Be7 23.Qe3 Bf5 24.Nf6+ Kf8 25.Nxh7+ Kg8 26.Qc3 Bf8 27.Nxf8 Qxf8 28.
g4 1-0

[Event "3rd Africa-ch"]
[Site "Cairo EGY"]
[Date "2001.09.22"]
[Round "7"]
[White "Lungu, Malupande"]
[Black "Lungu, Nase"]
[Result "1-0"]
[WhiteElo "2338"]
[BlackElo "2250"]
[EventDate "2001.09.16"]
[PlyCount "87"]

1.e4 c6 2.d4 d5 3.exd5 cxd5 4.c4 Nf6 5.Nc3 Nc6 6.Nf3 Bg4 7.Be2 e6 8.c5 Be7
9.O-O O-O 10.Bf4 b6 11.Qa4 Bxf3 12.gxf3 Rc8 13.Bb5 Nh5 14.Bg3 Qe8 15.cxb6 
axb6 16.Rac1 f5 17.Ne2 f4 18.Rxc6 Rxc6 19.Bxc6 Qg6 20.Bd7 fxg3 21.fxg3 Qd3
22.Bxe6+ Kh8 23.Rf2 Qe3 24.Bxd5 Nf6 25.Qb3 Qd2 26.Kg2 Qe1 27.Nf4 Bd6 28.
Nd3 Qe3 29.Qxb6 Bxg3 30.hxg3 Qxd3 31.Qc5 Rd8 32.Bc4 Qg6 33.Re2 h5 34.Be6 
Qh6 35.Qe5 Ne8 36.Bf7 Nf6 37.b4 Qc1 38.b5 Qb1 39.Qc5 Qd1 40.Rf2 Rxd4 41.b6
Rd8 42.Bxh5 Qb1 43.Bf7 Qf5 44.Qxf5 1-0

[Event "3rd Africa-ch"]
[Site "Cairo EGY"]
[Date "2001.09.22"]
[Round "7"]
[White "Molale, Ofentse"]
[Black "Gwaze, Robert"]
[Result "0-1"]
[WhiteElo "2101"]
[BlackElo "2287"]
[EventDate "2001.09.16"]
[PlyCount "74"]

1.e4 d6 2.d4 Nf6 3.Nd2 g6 4.c3 Bg7 5.f4 O-O 6.Ngf3 c5 7.Bd3 Nc6 8.d5 Nb8 
9.O-O e6 10.c4 exd5 11.cxd5 Na6 12.Bxa6 bxa6 13.Qa4 Rb8 14.Re1 Re8 15.a3 
Rb7 16.Qxa6 Rxb2 17.Qd3 Rb6 18.Ra2 Ba6 19.Nc4 Qb8 20.Rae2 Rb3 21.Qc2 Nd7 
22.e5 Bxc4 23.Qxc4 dxe5 24.Nxe5 Nxe5 25.fxe5 Bxe5 26.Bh6 Rb1 27.Kf1 Rxe1+ 
28.Rxe1 Bd4 29.Rxe8+ Qxe8 30.Qe2 Qd7 31.g4 f5 32.d6 fxg4 33.Kg2 Kf7 34.
Qc4+ Qe6 35.Qf1+ Bf6 36.Qa6 Qe4+ 37.Kg3 Qf3# 0-1

[Event "3rd Africa-ch"]
[Site "Cairo EGY"]
[Date "2001.09.22"]
[Round "7"]
[White "Simutowe, Amon"]
[Black "Abdelnabbi, Imed"]
[Result "1-0"]
[WhiteElo "2462"]
[BlackElo "2430"]
[EventDate "2001.09.16"]
[PlyCount "135"]

1.Nf3 d5 2.d4 c6 3.c4 e6 4.e3 Nd7 5.Qc2 Ngf6 6.Nbd2 Bd6 7.Be2 O-O 8.O-O 
Re8 9.h3 Qe7 10.a3 a6 11.b4 e5 12.dxe5 Nxe5 13.Bb2 Bd7 14.cxd5 Nxd5 15.Nd4
Bc7 16.Rfe1 Rad8 17.Ne4 Bc8 18.Ng3 Qg5 19.Bf1 Ng6 20.Nf3 Qh6 21.Nf5 Bxf5 
22.Qxf5 Nh4 23.Nxh4 Qxh4 24.Rad1 Qe7 25.Bc4 Be5 26.Bd4 Bxd4 27.Rxd4 g6 28.
Qd3 Nb6 29.Bb3 Rc8 30.Rd1 c5 31.Rf4 Rf8 32.Re4 Qg5 33.bxc5 Qxc5 34.Qd6 Qc6
35.Rb4 Qxd6 36.Rxd6 Rc1+ 37.Kh2 Nc8 38.Rd7 b5 39.Rf4 Nb6 40.Bxf7+ Kh8 41.
Ra7 Ra8 42.Rxa8+ Nxa8 43.Bxg6 Nb6 44.Rf6 Nc4 45.Bd3 Nxa3 46.Rxa6 b4 47.Ra4
Rc3 48.Ra8+ Kg7 49.Ra7+ Kf8 50.Bxh7 Nc4 51.Rb7 b3 52.g4 Nd6 53.Rb8+ Kg7 
54.Bg8 b2 55.Bd5 Rc5 56.Bf3 Rc2 57.Kg3 Kf6 58.h4 Nc4 59.Be4 Rc1 60.Bd3 Ne5
61.g5+ Ke6 62.Be4 Nc4 63.Kf4 Rf1 64.Bd3 Rc1 65.Bxc4+ Rxc4+ 66.e4 Rc2 67.f3
Kd6 68.h5 1-0

[Event "3rd Africa-ch"]
[Site "Cairo EGY"]
[Date "2001.09.23"]
[Round "8"]
[White "Abdelnabbi, Imed"]
[Black "Kaabi, Mejdi"]
[Result "1-0"]
[WhiteElo "2430"]
[BlackElo "2365"]
[EventDate "2001.09.16"]
[PlyCount "114"]

1.e4 e5 2.Nf3 Nc6 3.Bb5 a6 4.Ba4 Nf6 5.O-O Be7 6.Re1 b5 7.Bb3 d6 8.c3 O-O 
9.h3 Nb8 10.d4 Nbd7 11.Nbd2 Bb7 12.Bc2 Re8 13.Nf1 Bf8 14.Ng3 g6 15.a4 c5 
16.b3 Bg7 17.d5 c4 18.b4 Nb6 19.Nh2 h5 20.Bg5 Qe7 21.Qf3 Nbd7 22.Ra3 Qf8 
23.Rea1 Nh7 24.Be3 Bh6 25.axb5 axb5 26.Ba7 Qe7 27.Ra5 Ndf6 28.Qe2 Qd7 29.
Ngf1 Bf4 30.Nd2 Ng5 31.Nhf1 Bc8 32.f3 Kg7 33.Qf2 Rh8 34.Be3 Rb8 35.Bxf4 
exf4 36.Qh4 Ngh7 37.Qxf4 Re8 38.Ra7 Bb7 39.Qg3 Kh8 40.Qf2 Kg8 41.Qd4 Qd8 
42.R1a5 Bc8 43.Ra8 Rxa8 44.Rxa8 h4 45.Ne3 Qe7 46.Ra7 Bd7 47.Ng4 Nxg4 48.
hxg4 Nf8 49.f4 f5 50.g5 Qd8 51.exf5 Re1+ 52.Kh2 h3 53.Ne4 hxg2 54.Nf6+ Kf7
55.fxg6+ Nxg6 56.Rxd7+ Qxd7 57.Bxg6+ Kxg6 1-0

[Event "3rd Africa-ch"]
[Site "Cairo EGY"]
[Date "2001.09.23"]
[Round "8"]
[White "Aranov, Yuri"]
[Black "Domingos, Catarino"]
[Result "0-1"]
[WhiteElo "2180"]
[BlackElo "2200"]
[EventDate "2001.09.16"]
[PlyCount "116"]

1.d4 Nf6 2.c4 e6 3.Nf3 d5 4.Nc3 Bb4 5.Bg5 h6 6.Bh4 dxc4 7.Qa4+ Nc6 8.e3 a6
9.Bxc4 Bd7 10.Qc2 O-O 11.O-O Bd6 12.Rad1 Re8 13.e4 Be7 14.Rfe1 Nh5 15.Bxe7
Nxe7 16.d5 exd5 17.Nxd5 Nxd5 18.Bxd5 c6 19.Bb3 Qe7 20.e5 Be6 21.g3 Rad8 
22.Nd4 Bxb3 23.Qxb3 g6 24.Qe3 c5 25.Nf3 Kh7 26.Rxd8 Rxd8 27.Nd2 Ng7 28.Ne4
Qxe5 29.Nxc5 Qxb2 30.Qf3 Qb4 31.Re5 Qd4 32.Qe2 Rd5 33.Rxd5 Qxd5 34.Ne4 Qe5
35.h4 Qd4 36.Qc2 a5 37.Nc5 b6 38.Nd3 Qe4 39.Qc3 Qf3 40.Qc4 Qe2 41.Qd5 Qe6 
42.Qb7 Qxa2 43.Qxb6 a4 44.Qd4 Ne6 45.Qd7 Kg7 46.h5 Qa1+ 47.Kg2 Qd4 48.
Qxd4+ Nxd4 49.hxg6 fxg6 50.f4 a3 51.Nc1 Kf6 52.Kf2 Ke6 53.Na2 Kd5 54.Ke3 
h5 55.Nc3+ Kc4 56.Na2 Kb3 57.Nc1+ Kc2 58.Na2 Kb2 0-1

[Event "3rd Africa-ch"]
[Site "Cairo EGY"]
[Date "2001.09.23"]
[Round "8"]
[White "Hamdouchi, Hichem"]
[Black "Rizouk, Aimen"]
[Result "1/2-1/2"]
[WhiteElo "2533"]
[BlackElo "2442"]
[EventDate "2001.09.16"]
[PlyCount "34"]

1.e4 e5 2.Nf3 Nc6 3.Bc4 Bc5 4.c3 Nf6 5.d3 a6 6.Bb3 Ba7 7.h3 d6 8.Nbd2 h6 
9.Nf1 Nh5 10.g3 Nf6 11.Be3 d5 12.Bxa7 Rxa7 13.exd5 Nxd5 14.Qe2 O-O 15.
O-O-O Re8 16.Ne3 Nxe3 17.Qxe3 Be6 1/2-1/2

[Event "3rd Africa-ch"]
[Site "Cairo EGY"]
[Date "2001.09.23"]
[Round "8"]
[White "Lungu, Malupande"]
[Black "Ben Nasser, Khaled"]
[Result "0-1"]
[WhiteElo "2338"]
[BlackElo "2234"]
[EventDate "2001.09.16"]
[PlyCount "98"]

1.e4 e5 2.Nf3 Nc6 3.Bb5 a6 4.Ba4 Nf6 5.d4 exd4 6.O-O Be7 7.Re1 b5 8.e5 
Nxe5 9.Nxe5 bxa4 10.Qxd4 O-O 11.Qxa4 Rb8 12.a3 Rb6 13.Nc3 Bb7 14.Rb1 Re6 
15.Bf4 Re8 16.Nd3 Qa8 17.Rxe6 fxe6 18.f3 Rf8 19.Bxc7 Qa7+ 20.Kh1 Bxf3 21.
gxf3 Qxc7 22.Qxa6 Bd6 23.Rg1 Bxh2 24.Rg2 Be5 25.Nb5 Qc4 26.Nxe5 Qh4+ 27.
Rh2 Qe1+ 28.Kg2 Qe2+ 29.Kg1 Qe1+ 30.Kg2 Qe2+ 31.Kg1 Qxe5 32.Nc3 Qg3+ 33.
Rg2 Qxf3 34.Qe2 Qf4 35.Qd2 Qb8 36.Nd1 g6 37.Qh6 Qe5 38.Qd2 Nd5 39.Rg5 Qf6 
40.Nf2 Qxb2 41.Ng4 Qb6+ 42.Kh2 Rf1 43.Qg2 Qc7+ 44.Ne5 Rf6 45.c4 Ne3 46.Qe4
Nf5 47.Kh3 Qa7 48.Qd3 Qf2 49.Rg2 Qh4# 0-1

[Event "3rd Africa-ch"]
[Site "Cairo EGY"]
[Date "2001.09.23"]
[Round "8"]
[White "Lungu, Nase"]
[Black "Molale, Ofentse"]
[Result "1-0"]
[WhiteElo "2250"]
[BlackElo "2101"]
[EventDate "2001.09.16"]
[PlyCount "71"]

1.e4 e6 2.d4 d5 3.e5 c5 4.c3 Qb6 5.Nf3 Nc6 6.Bd3 Bd7 7.dxc5 Bxc5 8.O-O f6 
9.b4 Be7 10.Bf4 O-O-O 11.a4 Rf8 12.a5 Qc7 13.exf6 Qxf4 14.fxg7 Nf6 15.
gxh8=Q Rxh8 16.Qd2 Qd6 17.b5 Ne5 18.Nxe5 Qxe5 19.Qe2 Qg5 20.f4 Bc5+ 21.Kh1
Qh6 22.Nd2 Nh5 23.Qg4 Be3 24.Nb3 Bxf4 25.Rf3 e5 26.Bf5 Nf6 27.Bxd7+ Nxd7 
28.g3 Be3 29.Re1 d4 30.cxd4 exd4 31.Nxd4 Qg5 32.Qxg5 Bxg5 33.Rf7 b6 34.Ne6
Re8 35.Re4 Be7 36.Ng7 1-0

[Event "3rd Africa-ch"]
[Site "Cairo EGY"]
[Date "2001.09.23"]
[Round "8"]
[White "Nadir, Samir"]
[Black "Labib, Ibrahim Hasan"]
[Result "1/2-1/2"]
[WhiteElo "2190"]
[BlackElo "2409"]
[EventDate "2001.09.16"]
[PlyCount "285"]

1.c4 Nf6 2.Nc3 g6 3.g3 Bg7 4.Bg2 d6 5.e3 c5 6.Nge2 Nc6 7.d4 cxd4 8.Nxd4 
Bd7 9.O-O O-O 10.Nc2 Qc8 11.Re1 Bh3 12.Bh1 h5 13.b3 h4 14.Bb2 hxg3 15.hxg3
Kh7 16.Nd4 Rh8 17.Rc1 Ne5 18.Nd5 Qd7 19.Rc2 Kg8 20.e4 Bf1 21.Nf4 Nd3 22.
Rxf1 Nxf4 23.Bg2 Nxg2 24.Kxg2 Qh3+ 25.Kf3 Ng4 26.Ke2 Qg2 27.Qd3 Ne5 28.Qe3
Bh6 29.Qc3 Qxe4+ 30.Kd1 Bg7 31.f3 Qd3+ 32.Qxd3 Nxd3 33.Bc3 Rd8 34.Re2 d5 
35.c5 e5 36.Nb5 a6 37.Na3 Nxc5 38.Bxe5 Bxe5 39.Rxe5 Rh3 40.Rg1 Ne6 41.Rg2 
Nd4 42.f4 Nf5 43.Nc2 Rxg3 44.Rxg3 Nxg3 45.Re7 d4 46.Rxb7 d3 47.Ne3 Ne4 48.
Re7 Rd4 49.f5 d2 50.fxg6 fxg6 51.Kc2 g5 52.Re6 Kf7 53.Rxa6 g4 54.Ra4 d1=Q+
55.Nxd1 Rd2+ 56.Kc1 Re2 57.Nc3 Nxc3 58.Rxg4 Nxa2+ 59.Kb1 Nc3+ 60.Kc1 Ke6 
61.Rc4 Nd5 62.Rc2 Re1+ 63.Kb2 Kd6 64.Rc4 Ne3 65.Rc8 Kd5 66.Rd8+ Kc5 67.
Rc8+ Kd4 68.Rd8+ Nd5 69.Ka3 Ra1+ 70.Kb2 Ra5 71.Rh8 Kd3 72.Rh5 Rb5 73.Rg5 
Kd4 74.Rg4+ Ke5 75.Rg5+ Kd6 76.Rg6+ Kc5 77.Rg5 Rb8 78.Rh5 Rg8 79.Rh2 Rg5 
80.Rc2+ Kb5 81.Rh2 Nb4 82.Re2 Nd3+ 83.Kc2 Rg3 84.Rh2 Nc5 85.Rh5 Rg4 86.Rh8
Na6 87.Rc8 Rg3 88.Rh8 Nb4+ 89.Kb2 Rg2+ 90.Kc3 Rc2+ 91.Kd4 Nc6+ 92.Kd3 Rc1 
93.Rh4 Na5 94.Rh8 Nxb3 95.Rb8+ Ka4 96.Rg8 Na5 97.Kd2 Rc7 98.Kd3 Kb4 99.
Rb8+ Nb7 100.Rh8 Rd7+ 101.Ke4 Kc4 102.Rh1 Re7+ 103.Kf4 Nc5 104.Rc1+ Kd4 
105.Rd1+ Nd3+ 106.Kf5 Rf7+ 107.Ke6 Rf3 108.Rd2 Rf1 109.Rh2 Nc5+ 110.Ke7 
Rf5 111.Rd2+ Ke5 112.Rd1 Rh5 113.Re1+ Ne4 114.Kd7 Rh6 115.Kc7 Re6 116.Kb7 
Rd6 117.Kc7 Rd4 118.Kc6 Rc4+ 119.Kb5 Rc2 120.Kb6 Kd5 121.Rd1+ Nd2 122.Rh1 
Nc4+ 123.Kc7 Ne5+ 124.Kb6 Nd7+ 125.Kb7 Nc5+ 126.Kc7 Ne6+ 127.Kb7 Rb2+ 128.
Kc8 Kc6 129.Rc1+ Nc5 130.Kd8 Re2 131.Rc3 Kd6 132.Rh3 Re7 133.Rh1 Nb7+ 134.
Kc8 Kc6 135.Rc1+ Nc5 136.Kd8 Re2 137.Rc3 Kd6 138.Rh3 Nb7+ 139.Kc8 Kc6 140.
Rh6+ Nd6+ 141.Kb8 Rg2 142.Ka7 Rg7+ 143.Kb8 1/2-1/2

[Event "3rd Africa-ch"]
[Site "Cairo EGY"]
[Date "2001.09.24"]
[Round "9"]
[White "Belkhodja, Slim"]
[Black "Domingos, Catarino"]
[Result "1/2-1/2"]
[WhiteElo "2531"]
[BlackElo "2200"]
[EventDate "2001.09.16"]
[PlyCount "127"]

1.e4 c5 2.Nf3 e6 3.d3 Nc6 4.g3 g6 5.Bg5 Qc7 6.Bg2 Bg7 7.c3 Nge7 8.O-O O-O 
9.d4 f6 10.Be3 d5 11.Nbd2 cxd4 12.Nxd4 Nxd4 13.cxd4 Bd7 14.Rc1 Qb6 15.exd5
Nxd5 16.Bxd5 exd5 17.Qf3 Bc6 18.Nb3 Rae8 19.Rc2 Qd8 20.Rfc1 f5 21.h4 f4 
22.Bxf4 Bh6 23.Nc5 Bxf4 24.gxf4 Qxh4 25.Nd3 Qf6 26.Ne5 Qxf4 27.Qxf4 Rxf4 
28.Rd2 Re6 29.Rc3 Kg7 30.f3 Kf6 31.Re3 h5 32.Kf2 g5 33.Re1 Kf5 34.Rdd1 g4 
35.Kg2 gxf3+ 36.Nxf3 Ree4 37.Kf2 h4 38.Rg1 Rg4 39.Rxg4 Rxg4 40.Rh1 Ke4 41.
Re1+ Kf5 42.Rh1 Rf4 43.Rxh4 Rxh4 44.Nxh4+ Ke4 45.Ke2 Kxd4 46.Nf3+ Ke4 47.
Nd2+ Ke5 48.Nf3+ Kf4 49.Ne1 Bb5+ 50.Kd2 d4 51.Nc2 Ke4 52.Ne1 Bf1 53.Nc2 a5
54.Ne1 d3 55.a4 Kd4 56.Nf3+ Kc4 57.Ne5+ Kb3 58.Nd7 Kxb2 59.Nc5 Ka3 60.Nxb7
Kxa4 61.Kc3 Kb5 62.Nd6+ Kc5 63.Nc4 a4 64.Nb2 1/2-1/2

[Event "3rd Africa-ch"]
[Site "Cairo EGY"]
[Date "2001.09.24"]
[Round "9"]
[White "Ben Nasser, Khaled"]
[Black "Kobese, Watu"]
[Result "0-1"]
[WhiteElo "2234"]
[BlackElo "2373"]
[EventDate "2001.09.16"]
[PlyCount "126"]

1.Nf3 Nf6 2.d4 g6 3.c4 Bg7 4.Nc3 O-O 5.g3 d6 6.Bg2 Nbd7 7.O-O e5 8.e4 c6 
9.h3 Qb6 10.c5 dxc5 11.dxe5 Ne8 12.e6 fxe6 13.Ng5 Ne5 14.Na4 Qb5 15.f4 Nf7
16.Nxf7 Bd4+ 17.Kh2 Rxf7 18.e5 Rd7 19.Qc2 Nc7 20.Nc3 Bxc3 21.Qxc3 Nd5 22.
Qf3 Nb4 23.Qg4 Nc2 24.Rb1 Nd4 25.Be3 Nf5 26.Bf2 Rd2 27.Rbd1 Qxb2 28.Rxd2 
Qxd2 29.Bxc5 Qc2 30.Bg1 Bd7 31.Qg5 Rf8 32.g4 Ng7 33.Qe7 Rf7 34.Qd8+ Be8 
35.Rf2 Qc4 36.Bf1 Qc1 37.f5 gxf5 38.gxf5 Rxf5 39.Bd3 Qg5 40.Qd6 Rxf2+ 41.
Bxf2 Qf4+ 42.Kg1 b5 43.Be2 h5 44.Kg2 Bg6 45.Bf3 Be4 46.Bxe4 Qxe4+ 47.Kg1 
a6 48.a3 Kh7 49.Bd4 Qd5 50.Bf2 Kg6 51.Qb8 Qf3 52.Qd6 a5 53.h4 Qd5 54.Qb8 
Qd1+ 55.Kg2 Qg4+ 56.Bg3 Qe4+ 57.Kh2 Qe2+ 58.Kh3 b4 59.axb4 Qg4+ 60.Kh2 
axb4 61.Qd8 b3 62.Qb8 Qe2+ 63.Kh3 b2 0-1

[Event "3rd Africa-ch"]
[Site "Cairo EGY"]
[Date "2001.09.24"]
[Round "9"]
[White "Bouaziz, Slim"]
[Black "Kaabi, Mejdi"]
[Result "1/2-1/2"]
[WhiteElo "2379"]
[BlackElo "2365"]
[EventDate "2001.09.16"]
[PlyCount "42"]

1.e4 e6 2.d4 d5 3.Nd2 dxe4 4.Nxe4 Be7 5.Nf3 Nd7 6.Bd3 Ngf6 7.Nxf6+ Bxf6 8.
Qe2 Qe7 9.O-O c5 10.c3 cxd4 11.cxd4 O-O 12.Bf4 Nb6 13.Be4 Nd5 14.Bxd5 exd5
15.Qxe7 Bxe7 16.Rac1 Bf6 17.Be5 Bd8 18.Bc7 Bf6 19.Be5 Bd8 20.Bc7 Bf6 21.
Be5 Bd8 1/2-1/2

[Event "3rd Africa-ch"]
[Site "Cairo EGY"]
[Date "2001.09.24"]
[Round "9"]
[White "El-Taher, Fouad"]
[Black "Tissir, Mohamed"]
[Result "1/2-1/2"]
[WhiteElo "2477"]
[BlackElo "2383"]
[EventDate "2001.09.16"]
[PlyCount "63"]

1.e4 c5 2.Nf3 Nc6 3.d4 cxd4 4.Nxd4 Nf6 5.Nc3 e5 6.Ndb5 d6 7.Bg5 a6 8.Na3 
b5 9.Nd5 Be7 10.Bxf6 Bxf6 11.c3 O-O 12.Nc2 Bg5 13.a4 bxa4 14.Rxa4 a5 15.
Bc4 Ne7 16.O-O Nxd5 17.Bxd5 Bd7 18.Ra2 Rc8 19.Na3 a4 20.Re1 Kh8 21.Nc4 Bb5
22.Na3 Bd7 23.Nc4 Bb5 24.Ne3 g6 25.Ra3 f5 26.exf5 gxf5 27.Be6 f4 28.Nf5 
Rc6 29.c4 Bxc4 30.Bxc4 Rxc4 31.Qd5 Qc7 32.Qe6 1/2-1/2